Statistics for Países com Armas Nucleares

Click here to take the quiz!

General Stats

  • This quiz has been taken 2,449 times
  • The average score is 8 of 10

Answer Stats

Situação País % Correct
ConfirmadaEstados Unidos
99%
ConfirmadaRússia
96%
ConfirmadaCoreia do Norte
94%
ConfirmadaChina
91%
ConfirmadaFrança
81%
ConfirmadaReino Unido
76%
ConfirmadaÍndia
72%
DesconhecidaIsrael
62%
ConfirmadaPaquistão
61%
Não tem maisÁfrica do Sul
27%

Score Distribution

Percentile by Number Answered

Percent of People with Each Score

Your Score History

You have not taken this quiz